[Event "Titled Tue 10th Jun Early"]
[Site "chess.com INT"]
[Date "2025.06.10"]
[Round "7"]
[White "Tristan, Leonardo"]
[Black "Jovic, Stanoje"]
[Result "1-0"]
[WhiteTitle "GM"]
[BlackTitle "FM"]
[WhiteElo "2536"]
[BlackElo "2096"]
[WhiteFideId "113816"]
[BlackFideId "905020"]
[EventDate "2025.06.10"]

1. d4 Nf6 2. Nf3 e6 3. Bf4 d5 4. e3 Bd6 5. Bg3 O-O 6. c4 b6 7. cxd5 exd5 8. Nc3
c5 9. dxc5 Bxg3 10. hxg3 bxc5 11. Bd3 g6 12. O-O Bg4 13. Ne2 Bxf3 14. gxf3 Nc6
15. Kg2 Rb8 16. b3 Re8 17. Rc1 Qa5 18. Bb1 Rbc8 19. Nf4 Ne7 20. g4 g5 21. Ne2
Ng6 22. Bxg6 hxg6 23. Rh1 Kg7 24. Rc2 Rh8 25. Rxh8 Rxh8 26. Qc1 Rc8 27. Qb2 Qc7
28. b4 c4 29. a4 Rh8 30. Ng3 Qd6 31. b5 a6 32. b6 a5 33. Qd4 Qb4 34. Rb2 Qxa4
35. b7 Rb8 36. Rb6 1-0

[Event "Titled Tue 10th Jun Early"]
[Site "chess.com INT"]
[Date "2025.06.10"]
[Round "7"]
[White "Golsta, Madara"]
[Black "FAWOLE, John Oyeyemi"]
[Result "1-0"]
[BlackTitle "FM"]
[WhiteElo "2008"]
[BlackElo "1987"]
[WhiteFideId "11607386"]
[BlackFideId "8501319"]
[EventDate "2025.06.10"]

1. d4 Nf6 2. c4 e6 3. g3 d5 4. Bg2 c6 5. Nf3 Be7 6. O-O O-O 7. b3 Nbd7 8. Bb2 b6
9. Qc2 Bb7 10. Nbd2 c5 11. cxd5 exd5 12. dxc5 bxc5 13. Rad1 Qb6 14. Ne5 Nxe5 15.
Bxe5 Rac8 16. h3 Rfd8 17. g4 h6 18. Nf3 d4 19. Qf5 Be4 20. Qf4 Qb7 21. h4 h5 22.
Bxf6 Bxf6 23. g5 Be7 24. Ne1 Bxg2 25. Nxg2 Bd6 26. Qf5 g6 27. Qf6 Qd5 28. f4 Re8
29. f5 Rxe2 30. Rf2 Be5 31. Qa6 Rc6 32. Qxe2 1-0

[Event "Titled Tue 10th Jun Early"]
[Site "chess.com INT"]
[Date "2025.06.10"]
[Round "7"]
[White "Sturt, Raven"]
[Black "Hossain, Enamul"]
[Result "0-1"]
[WhiteTitle "GM"]
[BlackTitle "GM"]
[WhiteElo "2459"]
[BlackElo "2347"]
[WhiteFideId "2007304"]
[BlackFideId "10200649"]
[EventDate "2025.06.10"]

1. f4 d5 2. Nf3 c6 3. e3 Bg4 4. h3 Bxf3 5. Qxf3 Nd7 6. c4 Ngf6 7. g4 e5 8. g5
Ne4 9. d3 Bb4+ 10. Ke2 Nec5 11. cxd5 exf4 12. d4 Na6 13. dxc6 bxc6 14. Qxc6 Rc8
15. Qe4+ Be7 16. Kd1 Nb4 17. Nc3 fxe3 18. a3 Nc6 19. Bxe3 O-O 20. Bd3 g6 21. h4
Re8 22. Kd2 Bf8 23. Qg4 Bg7 24. h5 Nde5 25. dxe5 Nxe5 26. Qe2 Nc4+ 27. Ke1 Rxe3
28. Bxc4 Rxe2+ 29. Bxe2 Rxc3 30. bxc3 Bxc3+ 0-1

[Event "Titled Tue 10th Jun Early"]
[Site "chess.com INT"]
[Date "2025.06.10"]
[Round "7"]
[White "Germanovs, Georgijs"]
[Black "Shymanskyi, Oleksandr"]
[Result "1-0"]
[WhiteTitle "CM"]
[BlackTitle "FM"]
[WhiteElo "2260"]
[BlackElo "2218"]
[WhiteFideId "11609710"]
[BlackFideId "14168880"]
[EventDate "2025.06.10"]

1. d4 Nf6 2. Nf3 e6 3. Bf4 b6 4. c4 Bb7 5. Nc3 Be7 6. e3 Nh5 7. Be5 d6 8. Bg3
Nxg3 9. hxg3 Nd7 10. Bd3 h6 11. g4 O-O 12. Bc2 Re8 13. Qd3 Nf8 14. Rh5 Bxf3 15.
gxf3 Bh4 16. Ke2 g6 17. Rb5 c6 18. Rb3 Nd7 19. Rh1 d5 20. f4 Qf6 21. f5 e5 22.
cxd5 exd4 23. Ne4 Rxe4 24. Qxe4 Nc5 25. Qxd4 Nxb3 26. Bxb3 cxd5 27. fxg6 Qxf2+
28. Kd3 Bf6 29. gxf7+ Kg7 30. Qf4 Qxf4 31. exf4 Rd8 32. Rh5 Bxb2 33. Bxd5 Bc1
34. Ke4 Rd7 35. Re5 Bb2 36. Re8 Ba3 37. Rg8+ Kf6 38. f8=Q+ Bxf8 39. Rxf8+ Kg7
40. Rg8+ Kh7 41. Re8 a5 42. f5 Rd8 43. Rxd8 h5 44. g5 h4 45. Rd7+ Kh8 46. g6 1-0

[Event "Titled Tue 10th Jun Early"]
[Site "chess.com INT"]
[Date "2025.06.10"]
[Round "7"]
[White "Lyakh, Vasiliy"]
[Black "Khazan, Yevgeny"]
[Result "1-0"]
[BlackTitle "CM"]
[WhiteElo "2123"]
[BlackElo "2135"]
[WhiteFideId "14189828"]
[BlackFideId "2806193"]
[EventDate "2025.06.10"]

1. e4 c5 2. d4 cxd4 3. c3 dxc3 4. Nxc3 Nc6 5. Nf3 d6 6. Bc4 e6 7. O-O Nf6 8. Qe2
Be7 9. Rd1 Qc7 10. Bf4 Ne5 11. Bb3 O-O 12. Rac1 Qb8 13. Nb5 Nh5 14. Bxe5 dxe5
15. Nc7 Nf4 16. Qf1 b6 17. Nxe5 a5 18. Nxa8 Qxa8 19. Nd7 Bxd7 20. Rxd7 Bc5 21.
Qc4 h5 22. Rc3 h4 23. Rf3 Ng6 24. Rfxf7 Rxf7 25. Qxe6 Bxf2+ 26. Kh1 Nh8 27. Rxf7
Nxf7 28. Qxf7+ Kh8 29. Qh5# 1-0

[Event "Titled Tue 10th Jun Early"]
[Site "chess.com INT"]
[Date "2025.06.10"]
[Round "7"]
[White "Ilamparthi, A R"]
[Black "Sarana, Alexey"]
[Result "0-1"]
[WhiteTitle "IM"]
[BlackTitle "GM"]
[WhiteElo "2490"]
[BlackElo "2686"]
[WhiteFideId "45015775"]
[BlackFideId "24133795"]
[EventDate "2025.06.10"]

1. e4 c5 2. Nf3 d6 3. d4 cxd4 4. Nxd4 Nf6 5. Nc3 a6 6. Be3 e5 7. Nb3 Be6 8. h3
Nbd7 9. g4 h6 10. Bd3 Be7 11. Qf3 Nf8 12. Nd5 Ng6 13. Bb6 Qc8 14. Nc7+ Kf8 15.
Nxa8 Qxa8 16. O-O-O a5 17. Kb1 a4 18. Nd2 a3 19. b3 Qc8 20. Bc4 Qc6 21. Bxe6
fxe6 22. Ba5 Kf7 23. h4 Rc8 24. c4 Nf4 25. g5 Nd7 26. gxh6 gxh6 27. Bb4 Ra8 28.
Nf1 Qb6 29. Bd2 Bf6 30. Ne3 h5 31. Nc2 Nc5 32. Bxf4 exf4 33. Qxh5+ Kf8 34. Qh6+
Ke7 35. Qh7+ Kd8 36. Rhg1 Qxb3+ 37. Kc1 Bb2+ 38. Kd2 Qd3+ 39. Ke1 Bc3+ 40. Rd2
Bxd2+ 41. Kd1 Be3+ 42. Ke1 Qd2+ 43. Kf1 Qxf2# 0-1

[Event "Titled Tue 10th Jun Early"]
[Site "chess.com INT"]
[Date "2025.06.10"]
[Round "7"]
[White "Dziththauly Ramadhan"]
[Black "Ternault, Mathieu"]
[Result "1-0"]
[WhiteTitle "CM"]
[BlackTitle "FM"]
[WhiteElo "2171"]
[BlackElo "2275"]
[WhiteFideId "7105525"]
[BlackFideId "20641532"]
[EventDate "2025.06.10"]

1. d4 Nf6 2. c4 e6 3. Nc3 Bb4 4. Qc2 O-O 5. e4 d6 6. Nf3 Nc6 7. e5 Bxc3+ 8. bxc3
dxe5 9. dxe5 Nd7 10. Bf4 Nc5 11. Be2 Qe7 12. O-O h6 13. Nd4 Bd7 14. Bf3 Rfd8 15.
Rad1 Be8 16. Qe2 a5 17. h3 Ra6 18. Rd2 Rb6 19. Rfd1 Nxd4 20. cxd4 Na4 21. Qe3
Rb4 22. Rc1 g5 23. Bg3 b6 24. Be4 Rb2 25. Bc2 Qb4 26. a3 Qc3 27. Bh7+ Kxh7 28.
Rxc3 Nxc3 29. Rxb2 Nd1 30. Qd3+ 1-0

[Event "Titled Tue 10th Jun Early"]
[Site "chess.com INT"]
[Date "2025.06.10"]
[Round "7"]
[White "Bold, Andre"]
[Black "Tahmasebi, Hamidreza"]
[Result "0-1"]
[WhiteTitle "CM"]
[BlackTitle "FM"]
[WhiteElo "2235"]
[BlackElo "2298"]
[WhiteFideId "16208471"]
[BlackFideId "12537527"]
[EventDate "2025.06.10"]

1. d4 Nf6 2. Nf3 c5 3. d5 e6 4. c4 exd5 5. cxd5 g6 6. Nc3 Bg7 7. e4 O-O 8. Bd3
d6 9. O-O Bg4 10. h3 Bxf3 11. Qxf3 Nbd7 12. Bf4 Ne5 13. Bxe5 dxe5 14. Qe3 Rc8
15. b3 Nh5 16. Rfc1 Nf4 17. Bf1 Bh6 18. Qf3 f5 19. Rc2 Qd7 20. Rd1 b6 21. g3
fxe4 22. Qxe4 Nxh3+ 23. Bxh3 Qxh3 24. d6 Rcd8 25. Qxe5 Bg7 26. Qd5+ Kh8 27. Ne4
Qg4 28. Ng5 Rf5 29. Nf7+ Rxf7 30. Rcd2 Qf5 31. Qc6 Bd4 32. Rxd4 cxd4 33. Rxd4
Qxf2+ 0-1

[Event "Titled Tue 10th Jun Early"]
[Site "chess.com INT"]
[Date "2025.06.10"]
[Round "7"]
[White "Allahverdiyeva, Ayan"]
[Black "Yevchenko, Oleksandr"]
[Result "1-0"]
[WhiteTitle "WIM"]
[BlackTitle "CM"]
[WhiteElo "2308"]
[BlackElo "2276"]
[WhiteFideId "13412590"]
[BlackFideId "14108267"]
[EventDate "2025.06.10"]

1. Nf3 d5 2. g3 c5 3. Bg2 Nc6 4. O-O e5 5. d3 Nf6 6. e4 d4 7. a4 Be7 8. Na3 Be6
9. Ng5 Bg4 10. f3 Bd7 11. f4 h6 12. Nf3 Ng4 13. h3 Ne3 14. Bxe3 dxe3 15. fxe5
Nd4 16. Qe1 Bg5 17. c3 Nb3 18. Nc4 O-O 19. Ra3 Nc1 20. Nxg5 Qxg5 21. h4 Qg4 22.
Nxe3 Ne2+ 23. Kh2 Qh5 24. Bf3 1-0

[Event "Titled Tue 10th Jun Early"]
[Site "chess.com INT"]
[Date "2025.06.10"]
[Round "7"]
[White "Vogel, Roven"]
[Black "Karttunen, Mika"]
[Result "1-0"]
[WhiteTitle "GM"]
[BlackTitle "IM"]
[WhiteElo "2551"]
[BlackElo "2490"]
[WhiteFideId "12908088"]
[BlackFideId "502081"]
[EventDate "2025.06.10"]

1. Nf3 Nf6 2. c4 e6 3. Nc3 d5 4. e3 c5 5. cxd5 Nxd5 6. Nxd5 Qxd5 7. b3 Nc6 8.
Bc4 Qh5 9. Bb2 Bd7 10. h3 a6 11. O-O Be7 12. Be2 Qd5 13. Bxg7 Rg8 14. Bc3 O-O-O
15. Rc1 Rg6 16. Ne1 Rdg8 17. Bf3 Qd6 18. d4 cxd4 19. exd4 Bg5 20. Rc2 Kb8 21.
Kh1 Ne7 22. Nd3 Bc6 23. d5 f6 24. dxc6 Nxc6 25. Ne5 Qxd1 26. Nxc6+ bxc6 27. Rxd1 1-0

[Event "Titled Tue 10th Jun Early"]
[Site "chess.com INT"]
[Date "2025.06.10"]
[Round "7"]
[White "Puzyrevsky, Semyon"]
[Black "Vafin, Ayrat"]
[Result "1-0"]
[WhiteTitle "FM"]
[BlackTitle "FM"]
[WhiteElo "2292"]
[BlackElo "2302"]
[WhiteFideId "24240931"]
[BlackFideId "4146530"]
[EventDate "2025.06.10"]

1. e4 e5 2. Nf3 Nf6 3. Nc3 Bb4 4. Bc4 O-O 5. d3 d6 6. O-O h6 7. h3 Be6 8. Nd5
Bxd5 9. exd5 Nbd7 10. a3 Bc5 11. Ba2 a5 12. Be3 Re8 13. Qd2 e4 14. Nd4 exd3 15.
Qxd3 Ne5 16. Qb5 Qd7 17. Qxd7 Nexd7 18. Rfe1 Bxd4 19. Bxd4 Kf8 20. c4 Rxe1+ 21.
Rxe1 Re8 22. Rxe8+ Kxe8 23. Kf1 Ke7 24. Ke2 Nc5 25. b4 axb4 26. axb4 Ncd7 27.
Kd3 Ne8 28. f4 g6 29. c5 dxc5 30. bxc5 Nef6 31. Be5 Ne8 32. Kc4 g5 33. Kb5 f6
34. Bc3 gxf4 35. Bd2 f3 36. gxf3 Ne5 37. f4 Nf3 38. Be3 Ne1 39. Bb1 Ng2 40. Bd2
Nh4 41. Be4 f5 42. Bd3 Nf6 43. Kc4 Nf3 44. Be3 Ne4 45. Be2 Ng1 46. Bxg1 Ng3 47.
Bf3 Nf1 48. Kd3 Ng3 49. Bf2 Nf1 50. Be2 Nh2 51. Bg3 1-0

[Event "Titled Tue 10th Jun Early"]
[Site "chess.com INT"]
[Date "2025.06.10"]
[Round "7"]
[White "Chen, Yidong"]
[Black "Gonzalez Menendez, Ivan"]
[Result "0-1"]
[BlackTitle "FM"]
[WhiteElo "2074"]
[BlackElo "2382"]
[WhiteFideId "8607028"]
[BlackFideId "2226316"]
[EventDate "2025.06.10"]

1. e4 e6 2. d4 d5 3. Nd2 Nf6 4. e5 Nfd7 5. Bd3 c5 6. c3 Nc6 7. Ne2 cxd4 8. cxd4
f6 9. exf6 Nxf6 10. O-O Bd6 11. Nf3 O-O 12. Bf4 Bxf4 13. Nxf4 Ne4 14. Qc1 Ng5
15. Nxg5 Qxg5 16. Bxh7+ Kxh7 17. Nxe6 Qf6 18. Nxf8+ Qxf8 19. Qd2 Qf6 20. Rfd1
Bf5 21. Rac1 Re8 22. f3 Nxd4 23. Re1 Bg6 24. Rxe8 Bxe8 25. Rd1 Nf5 26. Qxd5 Bg6
27. Qxb7 Ne3 28. Rd2 Nc4 29. Rd1 Nxb2 30. Re1 Nd3 31. Rd1 Qd4+ 0-1

[Event "Titled Tue 10th Jun Early"]
[Site "chess.com INT"]
[Date "2025.06.10"]
[Round "7"]
[White "Gu, Xiaobing"]
[Black "Tiitta, Sauli"]
[Result "1-0"]
[WhiteTitle "WGM"]
[WhiteElo "2148"]
[BlackElo "2157"]
[WhiteFideId "8602611"]
[BlackFideId "502251"]
[EventDate "2025.06.10"]

1. e4 g5 2. d4 h6 3. Nc3 d6 4. f4 Bg7 5. fxg5 hxg5 6. Bxg5 c5 7. Nf3 Qb6 8. Nd5
Qa5+ 9. c3 Be6 10. Bc4 b5 11. Bxb5+ Kf8 12. Bc4 Nc6 13. O-O Rb8 14. Bb3 c4 15.
Bxc4 Rxb2 16. Rb1 Qa3 17. Rxb2 Qxb2 18. Qa4 Bxd5 19. Bxd5 Qxc3 20. Qxc6 Bxd4+
21. Kh1 Qxc6 22. Bxc6 Be5 23. Nxe5 dxe5 24. Bd5 Nf6 25. Bxf6 exf6 26. Rxf6 Rh7
27. Ra6 Rh4 28. Rxa7 Rf4 29. g3 Rf2 30. a4 Kg7 31. a5 Kf6 32. Rxf7+ Kg6 33. Rxf2 1-0

[Event "Titled Tue 10th Jun Early"]
[Site "chess.com INT"]
[Date "2025.06.10"]
[Round "7"]
[White "Ocampos, Ian"]
[Black "Bournel, Antoine"]
[Result "1-0"]
[BlackTitle "IM"]
[WhiteElo "2216"]
[BlackElo "2423"]
[WhiteFideId "117544"]
[BlackFideId "26093553"]
[EventDate "2025.06.10"]

1. e4 c5 2. d4 cxd4 3. c3 d3 4. f4 d5 5. e5 Bf5 6. Bxd3 Nh6 7. h3 e6 8. Nf3 Qb6
9. g4 Bxd3 10. Qxd3 Nc6 11. Nbd2 a5 12. Nb3 a4 13. Nbd4 Bc5 14. Rb1 O-O 15. Be3
Na5 16. b4 axb3 17. axb3 Nc6 18. O-O Kh8 19. b4 Nxd4 20. Nxd4 Bxd4 21. Bxd4 Qc6
22. f5 Ng8 23. b5 Qc4 24. Qxc4 dxc4 25. Rb4 Ne7 26. fxe6 fxe6 27. Rxf8+ Rxf8 28.
Bc5 Rf7 29. Bxe7 Rxe7 30. Rxc4 h5 31. b6 hxg4 32. Rc7 Re8 33. Rxb7 gxh3 34. Rc7
Kh7 35. b7 Rb8 36. c4 Kg6 37. c5 Kf5 38. c6 1-0

[Event "Titled Tue 10th Jun Early"]
[Site "chess.com INT"]
[Date "2025.06.10"]
[Round "7"]
[White "Skiadopoulos, Nikolaos"]
[Black "Klys, Kacper"]
[Result "0-1"]
[WhiteTitle "CM"]
[WhiteElo "1882"]
[BlackElo "2218"]
[WhiteFideId "4200772"]
[BlackFideId "21005281"]
[EventDate "2025.06.10"]

1. e4 e6 2. d4 d5 3. e5 c5 4. c3 Nc6 5. Nf3 Bd7 6. Bd3 Rc8 7. dxc5 Bxc5 8. O-O
Nge7 9. b4 Bb6 10. Bg5 h6 11. Bh4 Bc7 12. Re1 a6 13. a4 O-O 14. b5 axb5 15. axb5
Na5 16. Nbd2 Bb6 17. Rc1 Qe8 18. Bxe7 Qxe7 19. c4 dxc4 20. Nxc4 Nxc4 21. Rxc4
Rxc4 22. Bxc4 Rd8 23. Qe2 Qc5 24. h4 Rc8 25. Bd3 Qb4 26. Rb1 Qf4 27. Qe4 Qxe4
28. Bxe4 Rc7 29. g4 Kf8 30. Kg2 Ke7 31. g5 hxg5 32. hxg5 Rc4 33. Bxb7 Rc2 34.
Rf1 Bxb5 35. Nd4 Bxd4 36. Rb1 Bc4 37. Be4 Bd5 38. Bxd5 exd5 39. Rf1 Ke6 40. Kg3
Rxf2 41. Rxf2 Bxf2+ 42. Kxf2 Kxe5 0-1

[Event "Titled Tue 10th Jun Early"]
[Site "chess.com INT"]
[Date "2025.06.10"]
[Round "7"]
[White "Zahn, Wolfgang"]
[Black "Lloret Ramis, Juan Jose"]
[Result "1-0"]
[WhiteTitle "FM"]
[BlackTitle "FM"]
[WhiteElo "2280"]
[BlackElo "2019"]
[WhiteFideId "4620984"]
[BlackFideId "2204053"]
[EventDate "2025.06.10"]

1. d4 d5 2. c4 e6 3. Nf3 Nf6 4. g3 Be7 5. Bg2 O-O 6. Nbd2 b6 7. O-O Bb7 8. Ne5
Nbd7 9. Ndf3 dxc4 10. Nxc4 c5 11. e3 cxd4 12. exd4 Rc8 13. b3 Nd5 14. Bb2 Qc7
15. Rc1 Qb8 16. Nfe5 Nxe5 17. Nxe5 Rfd8 18. Qf3 f6 19. Nc4 Rd7 20. Rfe1 Qa8 21.
Qe2 Nc7 22. Bxb7 Qxb7 23. Rcd1 Bb4 24. Rf1 Re8 25. Qg4 Nd5 26. Ne3 Bf8 27. Rfe1
Qc6 28. Rc1 Qd6 29. Nc4 Qe7 30. Rc2 Qf7 31. Rce2 f5 32. Qf3 Bd6 33. Ne5 Bxe5 34.
Rxe5 Rc7 35. Qxd5 exd5 36. Rxe8+ Qf8 37. Rxf8+ Kxf8 38. Ba3+ Kf7 39. Re2 1-0

[Event "Titled Tue 10th Jun Early"]
[Site "chess.com INT"]
[Date "2025.06.10"]
[Round "7"]
[White "Villalba, Marcelo"]
[Black "Cordeiro, Marco Aurelio Zaror"]
[Result "1-0"]
[WhiteTitle "IM"]
[WhiteElo "2233"]
[BlackElo "2056"]
[WhiteFideId "3701859"]
[BlackFideId "2117991"]
[EventDate "2025.06.10"]

1. d4 c5 2. d5 f5 3. g3 Nf6 4. Bg2 g6 5. Nh3 d6 6. O-O Na6 7. c4 Bg7 8. Nc3 Nc7
9. Qc2 O-O 10. b3 Rb8 11. a4 b6 12. Bb2 a6 13. e4 fxe4 14. Nxe4 Nxe4 15. Bxg7
Kxg7 16. Qxe4 Bf5 17. Qe3 b5 18. axb5 axb5 19. Rfe1 Re8 20. Nf4 bxc4 21. bxc4
Ra8 22. Rxa8 Qxa8 23. h4 Qa4 24. Rc1 e5 25. dxe6 Nxe6 26. Nxe6+ Rxe6 27. Qc3+
Kh6 28. Ra1 Qe8 29. Ra7 Re7 30. Ra6 Re1+ 31. Kh2 Qe5 32. Qd2+ Kg7 33. Ra7+ Kg8
34. Qh6 Ra1 35. Qxh7+ 1-0

[Event "Titled Tue 10th Jun Early"]
[Site "chess.com INT"]
[Date "2025.06.10"]
[Round "7"]
[White "Garcia Correa, Jose Ricardo"]
[Black "Izafatava, Kira"]
[Result "1-0"]
[WhiteTitle "FM"]
[WhiteElo "2103"]
[BlackElo "2036"]
[WhiteFideId "5101832"]
[BlackFideId "13521705"]
[EventDate "2025.06.10"]

1. e4 c5 2. Nf3 e6 3. d4 cxd4 4. Nxd4 a6 5. Nc3 b5 6. Bd3 Bb7 7. a3 Nf6 8. Qf3
d6 9. Bg5 Nbd7 10. O-O Be7 11. Rad1 h6 12. Qh3 Nc5 13. Rfe1 O-O 14. Bc1 Rc8 15.
e5 dxe5 16. Nxe6 Qb6 17. Nxf8 Bxf8 18. Be3 Qc6 19. Bf1 Nce4 20. Nxe4 Nxe4 21. c3
Qg6 22. Rd7 Bc6 23. Rxf7 Qxf7 24. Qxc8 Bd5 25. Qxa6 Nf6 26. Qxb5 Qg6 27. c4 Be4
28. Qxe5 h5 29. Qg5 1-0

[Event "Titled Tue 10th Jun Early"]
[Site "chess.com INT"]
[Date "2025.06.10"]
[Round "7"]
[White "Omariev, Maksim"]
[Black "Coro, Lucas"]
[Result "0-1"]
[WhiteTitle "FM"]
[BlackTitle "IM"]
[WhiteElo "2304"]
[BlackElo "2438"]
[WhiteFideId "4193423"]
[BlackFideId "147222"]
[EventDate "2025.06.10"]

1. g4 c5 2. Bg2 Nc6 3. c4 g6 4. d3 Bg7 5. Nc3 d6 6. g5 h6 7. h4 Bg4 8. Nf3 Qd7
9. Be3 hxg5 10. hxg5 Bh3 11. Bxh3 Rxh3 12. Rxh3 Qxh3 13. Kd2 O-O-O 14. Qh1 Qf5
15. Qh7 Bxc3+ 16. bxc3 d5 17. cxd5 Qxd5 18. Qh4 e5 19. Kc2 Nge7 20. Nd2 Nf5 21.
Qc4 Nxe3+ 22. fxe3 Qg2 23. Qxf7 Qxe2 24. Qxg6 Kb8 25. Qe4 Rh8 26. g6 Rh2 27. Rd1
Rg2 28. Qf5 a6 29. Qf7 e4 30. dxe4 Ka7 31. Qf8 Qc4 32. g7 Qxa2+ 33. Kd3 Ne5# 0-1

[Event "Titled Tue 10th Jun Early"]
[Site "chess.com INT"]
[Date "2025.06.10"]
[Round "7"]
[White "Samunenkov, Ihor"]
[Black "Haddouche, Mohamed"]
[Result "1-0"]
[WhiteTitle "GM"]
[BlackTitle "GM"]
[WhiteElo "2562"]
[BlackElo "2490"]
[WhiteFideId "14187086"]
[BlackFideId "7900660"]
[EventDate "2025.06.10"]

1. d4 Nf6 2. c4 g6 3. g3 Bg7 4. Bg2 O-O 5. Nc3 d6 6. Nf3 Nc6 7. O-O Bg4 8. h3
Bxf3 9. Bxf3 Nd7 10. e3 e5 11. dxe5 Ndxe5 12. Be2 Na5 13. Qa4 c6 14. Rd1 Qc7 15.
Bd2 a6 16. Nd5 cxd5 17. Bxa5 b6 18. Bb4 Nxc4 19. Rxd5 b5 20. Qb3 Rfc8 21. Bg4
Rd8 22. Rc1 Bxb2 23. Qxb2 h5 24. Bf3 Rac8 25. Qf6 Re8 26. Rxd6 Nxd6 27. Rxc7 1-0

[Event "Titled Tue 10th Jun Early"]
[Site "chess.com INT"]
[Date "2025.06.10"]
[Round "7"]
[White "Simonovic, Miroslav"]
[Black "Ivashentseva, Dominika"]
[Result "1-0"]
[WhiteTitle "CM"]
[BlackTitle "WCM"]
[WhiteElo "2092"]
[BlackElo "1969"]
[WhiteFideId "919152"]
[BlackFideId "34331050"]
[EventDate "2025.06.10"]

1. d4 d5 2. Bg5 Nf6 3. Bxf6 gxf6 4. e3 e5 5. c4 dxc4 6. Bxc4 Bb4+ 7. Nc3 Bxc3+
8. bxc3 Be6 9. Bxe6 fxe6 10. Qh5+ Ke7 11. dxe5 Nd7 12. Rd1 Qg8 13. exf6+ Nxf6
14. Qc5+ Ke8 15. Ne2 Qxg2 16. Rg1 Qxh2 17. Qb5+ Ke7 18. Qxb7 Rhg8 19. Rg3 Rac8
20. Qb4+ Kf7 21. Qf4 Rxg3 22. Nxg3 Qh6 23. Qc4 1-0

[Event "Titled Tue 10th Jun Early"]
[Site "chess.com INT"]
[Date "2025.06.10"]
[Round "7"]
[White "Gilfanov, Marat I"]
[Black "Dragnev, Valentin"]
[Result "0-1"]
[WhiteTitle "FM"]
[BlackTitle "GM"]
[WhiteElo "2343"]
[BlackElo "2547"]
[WhiteFideId "34372164"]
[BlackFideId "1634852"]
[EventDate "2025.06.10"]

1. e4 c6 2. d4 d5 3. e5 c5 4. dxc5 e6 5. Nf3 Bxc5 6. Bd3 Ne7 7. O-O Ng6 8. a3
O-O 9. b4 Be7 10. Qe2 a5 11. b5 Nd7 12. g3 Nc5 13. h4 f6 14. Bb2 fxe5 15. Bxg6
hxg6 16. Nxe5 Bf6 17. Nd2 Bd7 18. Rab1 Be8 19. Bd4 Rc8 20. f4 Na4 21. Qd3 Nc5
22. Qe3 Qd6 23. Kg2 Na4 24. Rfc1 Bxe5 25. Bxe5 Qc5 26. Bd4 Qd6 27. Nf3 Nc5 28.
Ng5 Ne4 29. Nxe4 dxe4 30. c4 e5 31. Bxe5 Qe6 32. Qxe4 Bf7 33. Qxb7 Rxc4 34. Rxc4
Qxc4 35. Kg1 Qc5+ 36. Kh2 Qc2+ 37. Kh3 Qxb1 38. h5 gxh5 39. b6 Be6+ 40. Kh4 Qg6 0-1

[Event "Titled Tue 10th Jun Early"]
[Site "chess.com INT"]
[Date "2025.06.10"]
[Round "7"]
[White "Bortnyk, Olexandr"]
[Black "Garcia, Erick"]
[Result "0-1"]
[WhiteTitle "GM"]
[WhiteElo "2601"]
[BlackElo "2135"]
[WhiteFideId "14120828"]
[BlackFideId "2058880"]
[EventDate "2025.06.10"]

1. d4 Nf6 2. Nc3 d5 3. Bf4 c5 4. e4 Nxe4 5. Nxe4 dxe4 6. dxc5 Qxd1+ 7. Rxd1 Nc6
8. Be3 e5 9. a3 Be6 10. Ne2 f5 11. b4 a6 12. g3 Be7 13. Bg2 Kf7 14. O-O Rhd8 15.
Rxd8 Rxd8 16. f3 Bc4 17. Kf2 exf3 18. Bxf3 e4 19. Bg2 Bf6 20. Ke1 g6 21. g4 Bh4+
22. Bf2 Bxf2+ 23. Rxf2 Bxe2 24. Kxe2 Ke6 25. h4 Nd4+ 26. Ke3 Ke5 27. gxf5 gxf5
28. Bxe4 fxe4 29. Rf7 Nxc2+ 30. Ke2 e3 31. Rxb7 Rd2+ 32. Kf3 Rf2+ 33. Kg3 Rf6
34. Re7+ Kd4 35. a4 Nxb4 36. Rxh7 Re6 37. Rd7+ Nd5 0-1

[Event "Titled Tue 10th Jun Early"]
[Site "chess.com INT"]
[Date "2025.06.10"]
[Round "7"]
[White "Aravindh, Chithambaram VR."]
[Black "Dogan, Umut Anil"]
[Result "1-0"]
[WhiteTitle "GM"]
[BlackTitle "CM"]
[WhiteElo "2749"]
[BlackElo "2060"]
[WhiteFideId "5072786"]
[BlackFideId "51618060"]
[EventDate "2025.06.10"]

1. b3 Nf6 2. Bb2 g6 3. Nf3 Bg7 4. g3 b6 5. Bg2 Bb7 6. O-O O-O 7. d4 d5 8. Nbd2
Nbd7 9. c4 e6 10. Ne5 c5 11. cxd5 Nxd5 12. Ndc4 cxd4 13. Nxd7 Qxd7 14. Bxd4 Rfd8
15. Bxg7 Kxg7 16. Qd4+ Nf6 17. Qxd7 Rxd7 18. Ne5 Rc7 19. Bxb7 Rxb7 20. Rac1 Rd8
21. Rc2 Rd5 22. f4 h5 23. Rfc1 Ng4 24. Nd3 e5 25. h3 Ne3 26. Rc7 Rxc7 27. Rxc7
exf4 28. gxf4 Ra5 29. a4 Nd5 30. Rb7 Kf6 31. Kf2 Ke6 32. e4 Nc3 33. Ke3 f6 34.
Kd4 Ne2+ 35. Ke3 Nc3 36. Rc7 Nxa4 37. bxa4 Rxa4 38. Rc6+ Ke7 39. e5 fxe5 40.
Nxe5 Ra3+ 41. Kf2 Rxh3 42. Nxg6+ Kf7 43. Ne5+ Ke7 44. f5 Rh4 45. f6+ Kd8 46. Kg3
Rh1 47. Rd6+ Ke8 48. f7+ Ke7 49. Rd7+ Ke6 50. f8=Q Rg1+ 51. Kf2 Rg5 52. Qf7+
Kxe5 53. Rd5+ Ke4 54. Qf3# 1-0

[Event "Titled Tue 10th Jun Early"]
[Site "chess.com INT"]
[Date "2025.06.10"]
[Round "7"]
[White "Goh, Zi Han"]
[Black "Bahmani, Koorosh"]
[Result "1-0"]
[WhiteTitle "FM"]
[BlackTitle "CM"]
[WhiteElo "2275"]
[BlackElo "2207"]
[WhiteFideId "5819156"]
[BlackFideId "42576750"]
[EventDate "2025.06.10"]

1. c4 c6 2. Nf3 d5 3. g3 Nf6 4. Bg2 dxc4 5. O-O Nbd7 6. Qc2 Nb6 7. a4 a5 8. Na3
Be6 9. Ng5 Bg4 10. Nxc4 Bxe2 11. Nxb6 Qxb6 12. Re1 Bh5 13. Ra3 Bg6 14. Qc4 h6
15. Rb3 Qa6 16. Qxa6 Rxa6 17. Nh3 Ra7 18. Nf4 Bf5 19. d3 Bd7 20. Be3 Ra8 21.
Rxb7 e6 22. Rc1 Nd5 23. Nxd5 exd5 24. Bd4 f6 25. Re1+ Be7 26. Bc5 Kd8 27. Rxe7
Bc8 28. Bb6# 1-0